00584 2200205 4500001002100000005001700021008004100038035002400079040001200103082001100115090001800126100001500144245009200159260003200251300001900283650004200302850001200344990001000356990001200366YOGYA-0209000005033420090227032446.0 ind  0010-020900000050334 aYOPDYOG a899.21 a899.21bJas P aJASSIN, HB aPudjangga barubProsa dan puisicdikumpulkan dan dengan kata pengantar oleh H.B. Jassin aJakartabGunung Agungc1963 a393 hlmc22 cm aKesusasteraan Indonesia-Pujangga Baru aYOPDYOG a10519 a10519-b